|
|
|
|
| LEADER |
01038nam a2200229 i 4500 |
| 001 |
10020817 |
| 003 |
GR-PaULI |
| 005 |
20210117210816.0 |
| 008 |
190116s2018 gr g b 1 gre d |
| 952 |
|
|
|0 0
|1 0
|2 ddc
|4 0
|6 881_200000000000000_ΚΟΝ
|7 0
|9 229152
|a THST
|b THST
|d 2019-01-16
|i 014896
|l 1
|o 881.2 ΚΟΝ
|p 025000255443
|r 2019-10-21 00:00:00
|s 2019-10-10
|t 1
|v 2019.00
|w 2019-01-16
|y BK15
|
| 999 |
|
|
|c 139105
|d 139105
|
| 040 |
|
|
|a GR-PaULI
|c GR-PaULI
|b gre
|e AACR2
|
| 082 |
0 |
4 |
|a 881.2
|2 23
|
| 100 |
1 |
|
|9 123107
|a Κονομής, Νίκος Χ.,
|d 1922-
|e συγγραφέας
|
| 245 |
1 |
0 |
|a Προλεγόμενα στη λυρική ποίηση των αρχαίων Ελλήνων /
|c Νικόλαος Κονομής.
|
| 260 |
|
|
|a Αθήνα :
|b Καλλιγράφος,
|c 2018.
|
| 300 |
|
|
|a 521 σ. ;
|c 25 εκ.
|
| 490 |
0 |
|
|a Επιστήμες / Καλλιγράφος
|
| 504 |
|
|
|a Περιλαμβάνει βιβλιογραφία και ευρετήριο.
|
| 650 |
|
4 |
|a Λυρική ποίηση
|9 6287
|
| 942 |
|
|
|2 ddc
|c BK15
|
| 998 |
|
|
|c ΜΑΝΙΑ
|d 2019-01
|